000 00898nam a22002417a 4500
999 _c63735
_d63735
005 20240530110656.0
008 171220s2015 ua h f 000 0 ara d
017 _a2014/11872
_bمصر. دار الكتب
020 _a9789770528983
040 _aEG-CaGPL
_cEG-CaGPL
082 0 4 _221
_a729 /
_bهـ إ
100 0 _aهشام جريشة
245 1 2 _aالابداع الانشائى ابداع منطقى :
_bجوانب علمية فى الفكر المعمارى 2 /
_cهشام جريشة
260 _aالقاهرة :
_bمكتبة الانجلو المصرية ،
_c2015.
300 _a112 ص. :
_bصور ؛
_c24 سم.
650 0 7 _2qrmak
_aالابداع
650 0 7 _2qrmak
_aالقدرة الخلاقة
650 0 7 _2qrmak
_aالابتكار
650 0 7 _2qrmak
_aالتخيل الابداعى
651 _2qrmak
942 _2ddc
_cBK